<?xml version="1.0" encoding="UTF-8"?>
<record
    xmlns:xsi="http://www.w3.org/2001/XMLSchema-instance"
    xsi:schemaLocation="http://www.loc.gov/MARC21/slim http://www.loc.gov/standards/marcxml/schema/MARC21slim.xsd"
    xmlns="http://www.loc.gov/MARC21/slim">

  <leader>01071cam a2200325 i 4500</leader>
  <controlfield tag="003">CSPC</controlfield>
  <controlfield tag="005">20251211145226.0</controlfield>
  <controlfield tag="008">112425c2022    nyubr j  i   |000 0 eng c</controlfield>
  <datafield tag="022" ind1=" " ind2=" ">
    <subfield code="a">0897-1897</subfield>
  </datafield>
  <datafield tag="040" ind1=" " ind2=" ">
    <subfield code="a">CSPC</subfield>
    <subfield code="c">CSPC</subfield>
    <subfield code="d">rda</subfield>
    <subfield code="b">eng</subfield>
  </datafield>
  <datafield tag="050" ind1="0" ind2="0">
    <subfield code="a">RT81.5</subfield>
    <subfield code="b">.N8664 2010</subfield>
  </datafield>
  <datafield tag="082" ind1="0" ind2="0">
    <subfield code="a">610.73072</subfield>
    <subfield code="2">23</subfield>
    <subfield code="b">Ap586</subfield>
  </datafield>
  <datafield tag="245" ind1="0" ind2="0">
    <subfield code="a">Applied nursing research.</subfield>
  </datafield>
  <datafield tag="264" ind1=" " ind2=" ">
    <subfield code="a">New York ;</subfield>
    <subfield code="b">Elsevier,</subfield>
    <subfield code="c">2022.</subfield>
  </datafield>
  <datafield tag="300" ind1=" " ind2=" ">
    <subfield code="a">volumes ;</subfield>
    <subfield code="b">illustrations :</subfield>
    <subfield code="c">28 cm.</subfield>
  </datafield>
  <datafield tag="336" ind1=" " ind2=" ">
    <subfield code="a">text</subfield>
    <subfield code="b">txt</subfield>
    <subfield code="2">rdacontent</subfield>
  </datafield>
  <datafield tag="337" ind1=" " ind2=" ">
    <subfield code="a">unmediated</subfield>
    <subfield code="b">n</subfield>
    <subfield code="2">rdamedia</subfield>
  </datafield>
  <datafield tag="338" ind1=" " ind2=" ">
    <subfield code="a">volume</subfield>
    <subfield code="b">nc</subfield>
    <subfield code="2">rdacarrier</subfield>
  </datafield>
  <datafield tag="362" ind1=" " ind2=" ">
    <subfield code="a">Volume 64</subfield>
  </datafield>
  <datafield tag="362" ind1=" " ind2=" ">
    <subfield code="a">Volume 65</subfield>
  </datafield>
  <datafield tag="362" ind1=" " ind2=" ">
    <subfield code="a">Volume 66</subfield>
  </datafield>
  <datafield tag="362" ind1=" " ind2=" ">
    <subfield code="a">Volume 67</subfield>
  </datafield>
  <datafield tag="362" ind1=" " ind2=" ">
    <subfield code="a">Volume 68</subfield>
  </datafield>
  <datafield tag="504" ind1=" " ind2=" ">
    <subfield code="a">Includes bibliographical references.</subfield>
  </datafield>
  <datafield tag="521" ind1=" " ind2=" ">
    <subfield code="a">College of Health and Sciences CHS </subfield>
  </datafield>
  <datafield tag="650" ind1=" " ind2="0">
    <subfield code="a">Nursing</subfield>
    <subfield code="x">Periodicals.</subfield>
  </datafield>
  <datafield tag="700" ind1="1" ind2=" ">
    <subfield code="a">Hickman Ronald Jr.,</subfield>
    <subfield code="e">erditor.</subfield>
  </datafield>
  <datafield tag="942" ind1=" " ind2=" ">
    <subfield code="2">ddc</subfield>
    <subfield code="n">0</subfield>
    <subfield code="c">SERIALS</subfield>
    <subfield code="h">610.73072</subfield>
    <subfield code="i">Ap586</subfield>
    <subfield code="k">SER</subfield>
    <subfield code="m">2022</subfield>
  </datafield>
  <datafield tag="952" ind1=" " ind2=" ">
    <subfield code="0">0</subfield>
    <subfield code="1">0</subfield>
    <subfield code="2">ddc</subfield>
    <subfield code="4">0</subfield>
    <subfield code="7">1</subfield>
    <subfield code="a">CSPC</subfield>
    <subfield code="b">CSPC</subfield>
    <subfield code="c">SER</subfield>
    <subfield code="d">2025-11-24</subfield>
    <subfield code="h">April 2022 Volume 64</subfield>
    <subfield code="l">0</subfield>
    <subfield code="o">Ser NUR 7 v.64 2022</subfield>
    <subfield code="p">01344S</subfield>
    <subfield code="r">2025-11-24 11:10:17</subfield>
    <subfield code="t">1-1</subfield>
    <subfield code="w">2025-11-24</subfield>
    <subfield code="y">SERIALS</subfield>
    <subfield code="z">Journal</subfield>
  </datafield>
  <datafield tag="952" ind1=" " ind2=" ">
    <subfield code="0">0</subfield>
    <subfield code="1">0</subfield>
    <subfield code="2">ddc</subfield>
    <subfield code="4">0</subfield>
    <subfield code="7">1</subfield>
    <subfield code="a">CSPC</subfield>
    <subfield code="b">CSPC</subfield>
    <subfield code="c">SER</subfield>
    <subfield code="d">2025-11-24</subfield>
    <subfield code="h">June 2022 Volume 65</subfield>
    <subfield code="l">0</subfield>
    <subfield code="o">Ser NUR 7 v.65 2022</subfield>
    <subfield code="p">01345S</subfield>
    <subfield code="r">2025-11-24 14:40:51</subfield>
    <subfield code="t">1-1</subfield>
    <subfield code="w">2025-11-24</subfield>
    <subfield code="y">SERIALS</subfield>
    <subfield code="z">Journal</subfield>
  </datafield>
  <datafield tag="952" ind1=" " ind2=" ">
    <subfield code="0">0</subfield>
    <subfield code="1">0</subfield>
    <subfield code="2">ddc</subfield>
    <subfield code="4">0</subfield>
    <subfield code="7">1</subfield>
    <subfield code="a">CSPC</subfield>
    <subfield code="b">CSPC</subfield>
    <subfield code="c">SER</subfield>
    <subfield code="d">2025-11-24</subfield>
    <subfield code="h">August 2022 Volume 66</subfield>
    <subfield code="l">0</subfield>
    <subfield code="o">Ser NUR 7 v.66 2022</subfield>
    <subfield code="p">01346S</subfield>
    <subfield code="r">2025-11-24 14:42:53</subfield>
    <subfield code="t">1-1</subfield>
    <subfield code="w">2025-11-24</subfield>
    <subfield code="y">SERIALS</subfield>
    <subfield code="z">Journal</subfield>
  </datafield>
  <datafield tag="952" ind1=" " ind2=" ">
    <subfield code="0">0</subfield>
    <subfield code="1">0</subfield>
    <subfield code="2">ddc</subfield>
    <subfield code="4">0</subfield>
    <subfield code="7">1</subfield>
    <subfield code="a">CSPC</subfield>
    <subfield code="b">CSPC</subfield>
    <subfield code="c">SER</subfield>
    <subfield code="d">2025-11-24</subfield>
    <subfield code="h">October 2022 Volume 67</subfield>
    <subfield code="l">0</subfield>
    <subfield code="o">Ser NUR 7 v.67 2022</subfield>
    <subfield code="p">01347S</subfield>
    <subfield code="r">2025-11-24 14:43:59</subfield>
    <subfield code="t">1-1</subfield>
    <subfield code="w">2025-11-24</subfield>
    <subfield code="y">SERIALS</subfield>
    <subfield code="z">Journal</subfield>
  </datafield>
  <datafield tag="952" ind1=" " ind2=" ">
    <subfield code="0">0</subfield>
    <subfield code="1">0</subfield>
    <subfield code="2">ddc</subfield>
    <subfield code="4">0</subfield>
    <subfield code="7">1</subfield>
    <subfield code="a">CSPC</subfield>
    <subfield code="b">CSPC</subfield>
    <subfield code="c">SER</subfield>
    <subfield code="d">2025-11-24</subfield>
    <subfield code="h">December 2022 Volume 68</subfield>
    <subfield code="l">0</subfield>
    <subfield code="o">Ser NUR 7 v.68 2022</subfield>
    <subfield code="p">01348S</subfield>
    <subfield code="r">2025-11-24 14:44:45</subfield>
    <subfield code="t">1-1</subfield>
    <subfield code="w">2025-11-24</subfield>
    <subfield code="y">SERIALS</subfield>
    <subfield code="z">Journal</subfield>
  </datafield>
  <datafield tag="999" ind1=" " ind2=" ">
    <subfield code="c">30915</subfield>
    <subfield code="d">30915</subfield>
  </datafield>
</record>
